000 00719nam a2200241Ia 4500
003 IIN
005 20240209121709.0
008 231217s9999 xx 000 0 und d
020 _cRs.1999.00
_a9789389859812
040 _aIIN
_bEnglish
082 _a610.73
_bTAY
100 1 _aTaylor, Caral
245 1 _aFundamentals of Nursing
_b: the Art and Science of Person-Centered Nurstng Care /
_cCaral Taylor, Pamela Lynn and Jennifer L. Bartlett
250 _a9th ed
260 _bWolters Kluwer
_aNew Delhi
_c2021
300 _axi, 421-1257p.
440 _vVol.2
650 1 _aFoundation
_vNursing
650 1 _aFundamentals
_vNursing
700 1 _aLynn, Pamela
700 1 _aBartlett, Jennifer L.
942 _cBOOK
999 _c408
_d408